Normal view
MARC view
Entry Nombre personal
001 - NÚMERO DE CONTROL
- campo de control: 120317
003 - IDENTIFICADOR DEL NÚMERO DE CONTROL
- campo de control: OSt
005 - FECHA Y HORA DE LA ÚLTIMA TRANSACCIÓN
- campo de control: 20220824183700.0
008 - DATOS DE LONGITUD FIJA
- campo de control de longitud fija: 971020|| aznnnabb| un and |u
040 ## - FUENTE DE LA CATALOGACIÓN
- Centro catalogador/agencia de origen: OSt
- Centro/agencia transcriptor: OSt
100 1# - ENCABEZAMIENTO-NOMBRE DE PERSONA
- Nombre de persona: Vázquez Carrillo, María Gricelda
400 ## - TRAZADO DE VÉASE--NOMBRE DE PERSONA
- Nombre de persona: Vázquez Carrillo, Ma. Gricelda
400 ## - TRAZADO DE VÉASE--NOMBRE DE PERSONA
- Nombre de persona: Vázquez Carrillo, Ma. Griselda
400 ## - TRAZADO DE VÉASE--NOMBRE DE PERSONA
- Nombre de persona: Vázquez Carrillo, María Griselda
